Energy and Ecology

Guardat en:
Dades bibliogràfiques
Autor principal: Gates, David M
Format: Llibre
Idioma:anglès
Publicat: Sunderland Sinauer Associates 1985
Matèries:
Etiquetes: Afegir etiqueta
Sense etiquetes, Sigues el primer a etiquetar aquest registre!

MARC

LEADER 00000nam a2200000 a 4500
001 UCL5523
003 CL-VaPUC
005 20240923124343.0
008 040312e19850000US |||||||||||||||||eng|d
999 |c 308048  |d 308046 
020 |a 0878932313 
040 |c Pontificia Universidad Católica de Valparaíso 
082 0 4 |a 333.79 GAT 1985  |2 21 
100 0 |a Gates, David M  |9 483228 
245 1 0 |a Energy and Ecology 
260 |a Sunderland  |b Sinauer Associates  |c 1985 
300 |a 377 páginas 
583 |a last modification  |c 20040312 00:00:00  |k Rodrigo Vera 
650 0 |a Recursos energéticos  |9 263206 
650 0 |a Protección del medio ambiente  |9 257626 
650 0 |a Industrias   |9 263688 
942 |c BK  |2 ddc 
945 |d 20040312 00:00:00  |a cmena 
952 |0 0  |1 0  |2 ddc  |4 0  |6 333_790000000000000_GAT_1985  |7 0  |8 A  |9 374270  |a BIBCUR  |b BIBCUR  |d 2019-11-21  |i 179583K  |o 333.79 GAT 1985  |p 179583K  |r 2025-04-22  |t 1  |w 2019-11-21  |y BK  |k BIO